Multiplication Times Tables Quiz - Statistics

General Stats
  • This quiz has been taken 1,491 times
  • The average score is 120 of 144
Answer Stats
Number % Correct
1
100%
2
98%
3
98%
4
97%
5
96%
6
96%
7
96%
8
96%
9
96%
10
95%
11
95%
12
95%
2
95%
4
95%
10
94%
6
94%
8
94%
12
93%
14
93%
16
92%
18
92%
20
92%
22
92%
3
92%
12
91%
15
91%
18
91%
24
91%
6
91%
9
91%
21
90%
4
90%
12
89%
16
89%
24
89%
27
89%
30
89%
33
89%
36
89%
8
89%
20
88%
5
88%
6
88%
10
87%
15
87%
20
87%
24
87%
25
87%
28
87%
30
87%
32
87%
35
87%
36
87%
40
87%
40
87%
45
87%
50
87%
55
87%
12
86%
18
86%
44
86%
48
86%
60
86%
24
85%
30
85%
36
85%
7
85%
42
84%
48
84%
54
83%
60
83%
66
83%
14
82%
21
82%
28
82%
35
82%
72
82%
42
81%
49
81%
56
81%
8
81%
16
80%
63
80%
70
80%
77
80%
9
80%
10
79%
11
79%
18
79%
24
79%
84
79%
20
78%
32
78%
40
78%
48
78%
56
78%
64
78%
72
78%
80
78%
100
77%
110
77%
12
77%
22
77%
27
77%
30
77%
33
77%
36
77%
40
77%
44
77%
45
77%
50
77%
54
77%
55
77%
60
77%
66
77%
70
77%
77
77%
80
77%
88
77%
88
77%
90
77%
96
77%
99
77%
110
76%
120
76%
63
76%
72
76%
81
76%
90
76%
99
76%
108
75%
24
75%
121
74%
132
74%
36
74%
48
74%
60
74%
72
73%
84
73%
120
72%
144
72%
96
72%
108
71%
132
71%
No matching quizzes found
Score Distribution
Percent of People with Each Score
Percentile by Number Answered
Your Score History
You have not taken this quiz